コンテンツを見る
Welcome to University of Aberdeen, Mumbai
Home
English
Deutsch
Español
Français
Italiano
日本語
Nederlands
Português
Português (Brasil)
中文(简体)
中文(繁體)
Türkçe
עברית
Gaeilge
Cymraeg
Ελληνικά
Català
Euskara
Русский
Čeština
Suomi
Svenska
polski
Dansk
slovenščina
اللغة العربية
বাংলা
Galego
Tiếng Việt
Hrvatski
हिंदी
Հայերէն
Українська
Sámegiella
Монгол
Māori
Sign In
全フィールド
タイトル
著者
主題
請求記号
ISBN/ISSN
タグ
検索
詳細検索
Security in computing
この資料を引用
この資料をSMS送信
この資料をメール
印刷
エクスポート
エクスポート先: RefWorks
エクスポート先: EndNoteWeb
エクスポート先: EndNote
お気に入りに追加
パーマネントリンク
Security in computing
保存先:
書誌詳細
第一著者:
Pfleeger, Charles P.
フォーマット:
図書
出版事項:
Pearson
タグ:
タグ追加
タグなし, このレコードへの初めてのタグを付けませんか!
所蔵
その他の書誌記述
コメント
類似資料
MARC表示
MARC
LEADER
00000nam a2200000Ia 4500
005
20260515061619.0
100
|a
Pfleeger, Charles P.,
020
|a
9789367135587
942
|c
BK
245
|a
Security in computing
260
|b
Pearson
999
|c
96
|d
96
952
|0
0
|1
0
|4
0
|7
0
|a
ABDN
|b
ABDN
|d
2026-05-15
|l
0
|p
000038
|r
2026-05-15 06:16:19
|w
2026-05-15
|y
BK
類似資料
Computer security
著者:: Gollmann, Dieter
Computer security : principles and practice
著者:: Stallings, William
Computer security : art and science
著者:: Bishop, Matt
Food and Energy Security
出版事項: (2012)
Computational Psychiatry
出版事項: (2018)